000 00376nam a2200157Ia 4500
008 100122s9999 xx 000 0 und d
082 _b74851
_a823
100 _aलिंबाळे शरणकुमार
245 _aबहुजन
250 _a1
260 _c2007
300 _a216
630 _aबहुजन
730 _aबहुजन
942 _cBOOK
999 _c390977
_d390974